Statistics for Least Streamed Song on Each Metallica Album

Click here to take the quiz!

General Stats

  • This quiz has been taken 46 times
    (9 since last reset)
  • The average score is 5 of 11

Answer Stats

AlbumStreamsSong% Correct
Ride the Lightning30.855MEscape
100%
Master of Puppets37.530MLeper Messiah
100%
Kill "Em All17.877MPhantom Lord
63%
The Black Album26.702MThe Struggle Within
50%
Reload5.682MAttitude
38%
St. Anger4.986MPurify
38%
...And Justice for All29.679MTo Live is to Die
25%
Hardwired... To Self Destruct16.596MAm I Savage?
13%
Load6.532MPoor Twisted Me
13%
72 Seasons6.319MRoom of Mirrors
13%
Death Magnetic12.741MThe Judas Kiss
13%

Score Distribution

Percentile by Number Answered

Percent of People with Each Score

Your Score History

You have not taken this quiz since the last reset